00453nam a22001697a 450000500170000000800410001702000150005804000210007304100080009408200130010210000290011524500540014425000120019826000390021030000100024965000240025920260515114940.0230321b ||||| |||| 00| 0 eng d a8176653594 aIN-DiNCcIN-DiNC dasm a610bBOR aBorgohain, Humeneauthor aSwasthya rakshar sahaj niyam/cby Homen Borgohain a6th ed. aGuwahati:bStudents stores,c2016. a144p. aMedicine and health